MARC

LEADER 00000nam2a2200000 4500
001 347529
005 20250604120218.0
035 |a (RuTPU)RU\TPU\book\379444 
035 |a RU\TPU\book\379178 
090 |a 347529 
100 |a 20220427d2022 k y0rusy50 ca 
101 0 |a rus  |a eng 
102 |a RU 
105 |a a z 001yy 
200 0 |a № 1 (85) 
210 |d 2022 
215 |a 142 с.  |c ил. 
320 |a Библиография в конце статей 
461 1 |0 (RuTPU)RU\TPU\book\378755  |t Системы анализа и обработки данных  |o [сборник статей]  |f Новосибирский государственный технический университет  |v № 1 (85)  |d 2021-  
500 1 0 |a Системы анализа и обработки данных  |9 88927 
606 1 |a Технические системы  |x Автоматика  |2 stltpush  |3 (RuTPU)RU\TPU\subj\67451  |9 83244 
610 1 |a информатика 
610 1 |a вычислительная техника 
610 1 |a управление 
610 1 |a многоканальные объекты 
610 1 |a регуляторы 
610 1 |a расчет 
610 1 |a нелинейные динамические системы 
610 1 |a моделирование 
610 1 |a уравнения Вольтерра 
610 1 |a квадратичное ядро 
610 1 |a идентификация 
610 1 |a системы энергетики 
610 1 |a живучесть 
610 1 |a исследование 
610 1 |a геоинформационные системы 
610 1 |a социальные медиа 
610 1 |a данные 
610 1 |a сбор 
610 1 |a анализ 
610 1 |a текстовые фрагменты 
610 1 |a распознавание 
610 1 |a буквенные биграммы 
610 1 |a частотность 
675 |a 681.51  |v 4 
801 1 |a RU  |b 63413507  |c 20211111 
801 2 |a RU  |b 63413507  |c 20231009  |g RCR 
850 |a 63413507 
942 |c CR